| 000 | 00818nam a22002297a 4500 | ||
|---|---|---|---|
| 010 | _aA-943875 | ||
| 020 |
_a8176480401 _c3000(set) |
||
| 035 | _aA-943875 | ||
| 037 | _aCen Lib / Ret | ||
| 040 |
_aDPL _bEN |
||
| 082 |
_a363.7 _bTRI |
||
| 100 | _aTrivedi, P. R. | ||
| 245 |
_aEncyclopaedia of world environment _cby P. R. Trivedi |
||
| 260 |
_aNew Delhi _bAPH Publishing Corporation _c1999 |
||
| 270 |
_a5, Ansari Road Darya Ganj _bNew Delhi _e110002 |
||
| 300 |
_a5.v (v 1. vi, 311 ; v 2. 358 ; v 3. 361 ; v 4. 330; v 5. 337) _b24cm |
||
| 505 | _a5.v ; v.1 Ecology ; v.2 Environment ; v.3 Wild life ; v.4 Pollution ; v.5 Basic environment laws | ||
| 650 | _aEnvironmental sciences -- India. | ||
| 650 | _aHuman ecology -- India. | ||
| 650 | _aWild life. | ||
| 942 |
_2ddc _cEN _h363.7 _mTRI |
||
| 999 |
_c136377 _d136377 |
||